Vista normal
Vista MARC
Entrada Personal Name
Número de registros utilizados en: 1
001 - CONTROL NUMBER
- control field: 67338
003 - CONTROL NUMBER IDENTIFIER
- control field: OSt
005 - DATE AND TIME OF LATEST TRANSACTION
- control field: 20251113144029.0
008 - FIXED-LENGTH DATA ELEMENTS
- fixed length control field: 251113|| aca||aabn | a|a d
040 ## - CATALOGING SOURCE
- Original cataloging agency: OSt
- Transcribing agency: OSt
100 ## - HEADING--PERSONAL NAME
- Personal name: Kahlo, Frida
- Dates associated with a name: 1910-1954
- General subdivision: Vida y obra
670 ## - SOURCE DATA FOUND
- Source citation: Work cat.: (OSt)59967: Kettenmann, Andrea aut 67337, Frida Kahlo 1907-1954 :